Surveillance tuberkulózy (bovinnej a aviárnej) hospodárskych zvierat v Slovenskej republike za rok 2007

Bibliographic Details
Main Authors: Pliešovský, Ján (Author), Honzátková, Z. (Author), Büchlerová, Z. (Author), Dindová, Z. (Author)
Format: Article
Language:Slovak
PhysicalDescription:Tab.
ISSN:1335-0099
Subjects:

MARC

LEADER 00000nab a2200000 a 4500
001 vtls009312640
003 SK-MaSNL
005 20260426085551.0
008 250507c2008 xo |||||||||||000 b|slo
015 |a SNBRB2008/07  |2 snkbucl 
035 |a (uuid)b62fc9a9-e702-4f40-9e9f-5f9127b26cca 
035 |a urn:nbn:sk:snk-ab12sj 
035 |a (urnnbn)urn:nbn:sk:snk:ar-a03uzo 
038 |a SNKBUCL 
040 |a SNKBUCL  |b slo  |c SNKBUCL  |e AACR2 
041 0 |a slo 
044 |a xo  |c SK 
080 |a 614.91  |x (437.6)  |2 1997 
080 |a 636.09:616-002.5  |x (437.6)  |2 1997 
080 |a 351.779  |x (437.6)  |2 1997 
245 0 0 |a Surveillance tuberkulózy (bovinnej a aviárnej) hospodárskych zvierat v Slovenskej republike za rok 2007  |c J. Pliešovský ... [et al.] 
300 |b Tab. 
648 7 |a 2007  |2 snkbucl  |9 313226 
650 0 7 |a hospodárske zvieratá  |2 snkbucl  |9 1097 
650 0 7 |a tuberkulóza  |2 snkbucl  |9 2610 
650 0 7 |a surveillance  |2 snkbucl  |9 1483364 
651 7 |a Slovensko  |2 snkbucl  |9 14231 
700 1 |a Pliešovský, Ján  |4 aut  |9 389096 
700 1 |a Honzátková, Z.  |4 aut  |9 777171 
700 1 |a Büchlerová, Z.  |4 aut  |9 807402 
700 1 |a Dindová, Z.  |4 aut  |9 1483365 
773 0 |t Slovenský veterinársky časopis = Slovak veterinary journal  |g Roč. XXXIII, č. 3 (2008), s. 145-147  |x 1335-0099 
850 |a Slovenská národná knižnica 
852 |a Slovenská národná knižnica 
954 |a odborná, vedecká literatúra pôvodná (slovenská)  |2 lita 
958 |a article27 
958 |a SK 
958 |a MI 
958 |a OND 
958 |a EUIPO 
999 |c 2967618  |d 2969548